| 000 | 00683nam a2200181 a 4500 | ||
|---|---|---|---|
| 003 | 0 | ||
| 005 | 20250310085608.0 | ||
| 008 | 090710s19uu xx 00 eng d | ||
| 050 |
_aPHS HF 5549.5.J63 _b.C626 2009 |
||
| 100 | _aClemente, Jan Bernadette. | ||
| 245 |
_aPersonality types and job performance of accountants in Megaworld Corporation / _cJan Bernadette Clemente. |
||
| 260 |
_aLas PiƱas City, Philippines : _bSouthville International School and Colleges, _c2009. |
||
| 300 |
_a26 pages : _billustrations ; _c28 cm. |
||
| 504 | _aIncludes bibliographical references. | ||
| 650 |
_aAccountants _xJob performance. |
||
| 650 | _aPersonality and occupation. | ||
| 942 |
_2lcc _cPASS |
||
| 999 |
_c98235 _d98235 |
||